| Tag |
First Indicator |
Second Indicator |
Subfields |
| LEADER |
00000cam a2200000 a 4500 |
| 001 |
in00001197213 |
| 005 |
20151002072429.0 |
| 007 |
hd afv---baca |
| 008 |
911029s1861 lau a 000 0 eng d |
| 035 |
|
|
|a (OCoLC)24644338
|
| 035 |
|
|
|9 AGK1285AM
|
| 040 |
|
|
|a FEI
|c FEI
|d UtOrBLW
|
| 043 |
|
|
|a n-us-la
|a n-usu--
|
| 049 |
|
|
|a TXAI
|
| 090 |
|
|
|a E487
|b .C66 1974 reel 141 no. 5085
|
| 099 |
|
|
|a Film
|a B 1664
|a reel 141 no. 5085.
|
| 110 |
2 |
|
|a Royal Arch Masons.
|b Grand Chapter (La.)
|
| 245 |
1 |
0 |
|a Proceedings of the M.E. Grand Chapter of Royal Arch Masons, of the state of Louisiana, at its fourteenth annual convocation, begun and held in the Masonic Hall, city of New Orleans, on Tuesday, Feb. 12th, A.D., 1861, and the year of the order, 2395.
|
| 264 |
|
3 |
|a New Orleans :
|b Printed at the Bulletin Book and Job Office,
|c 1861.
|
| 300 |
|
|
|a 70 pages ;
|c 23 cm.
|
| 336 |
|
|
|a text
|b txt
|2 rdacontent
|
| 337 |
|
|
|a microform
|b h
|2 rdamedia
|
| 338 |
|
|
|a microfilm reel
|b hd
|2 rdacarrier
|
| 501 |
|
|
|a With: Proceedings of the Grand Council of R. and S. Masters, of the state of Louisiana, at its sixth assembly, held in the city of New Orleans, Feb. 14, 1861. New Orleans : Printed at the Bulletin Book and Job Office, 1861.
|
| 500 |
|
|
|a Filmed from the holdings of the Boston Athenaeum.
|
| 533 |
|
|
|a Microfilm.
|b New Haven, Conn. :
|c Research Publications,
|d [1974].
|e On reel 141 of 143 microfilm reels ; 35 mm.
|f (Confederate imprints, 1861-1865 ; reel 141, no. 5085).
|
| 539 |
|
|
|a s
|b 1974
|d ctu
|e n
|
| 500 |
|
|
|a Microform.
|
| 610 |
2 |
0 |
|a Royal Arch Masons.
|b Grand Chapter (La.)
|
| 650 |
|
0 |
|a Freemasonry
|z Louisiana.
|
| 650 |
|
0 |
|a Secret societies
|z Confederate States of America.
|
| 710 |
2 |
|
|a Royal and Select Masters (Masonic order).
|b Grand Council (La.)
|
| 740 |
0 |
|
|a Proceedings of the Grand Council of R. and S. Masters, of the state of Louisiana, at its sixth assembly, held in the city of New Orleans, Feb. 14, 1861.
|
| 830 |
|
0 |
|a Confederate imprints, 1861-1865 ;
|v reel 141 no. 5085.
|
| 999 |
|
|
|a MARS
|
| 999 |
f |
f |
|s 0898161e-72b2-35b9-a522-daf8c5e96e70
|i c2cf39e6-92f9-350c-8d48-1c46f838c15f
|t 0
|
| 952 |
f |
f |
|p default
|a Texas A&M University
|b College Station
|c Sterling C. Evans Library
|d Evans: Microforms (3rd floor)
|t 0
|e Film B 1664 reel 141 no. 5085.
|h Other scheme
|i microform -- microfilm reel
|
| 998 |
f |
f |
|a Film B 1664 reel 141 no. 5085.
|t 0
|l Evans: Microforms (3rd floor)
|